000 00597nam a2200193Ia 4500
003 GCL
008 140319s9999 xx 000 0 ara d
040 _aGCL /
_cGCL
082 0 4 _a791.435262
_bس ا
100 1 _aمدكور ثابت
245 1 0 _aافلام الحركة فى السينما المصرية 1952 - 1975 /
_cمدكور ثابت
700 1 _aسمير سيف
300 _a291 ص
490 _aملفات السينما
_v0
650 0 4 _aالسينما
650 0 4 _aالافلام الروائية
650 0 4 _aالافلام السينمائية - مصر
942 _2ddc
_cBK
999 _c50153
_d50153